00495nam a2200109Ia 4500008004100000050002500041100002400066245016100090260008600251300003300337521001500370140724s9999 xx 000 0 und d aBF 432.5b.R575 2013 aRimando, Kamille A. aMultiple intelligence and academic performance of first year Psychologyology students of Southville International School and Colleges /cKamille A. Rimando. aLas Piñas, Philippines :bSouthville International School and Colleges,cc2013. a43 p. :bcol. Ill. ;c28 cm. aPsychology